| 000 | 00597nam a22001577a 4500 | ||
|---|---|---|---|
| 003 | OSt | ||
| 005 | 20151117104634.0 | ||
| 008 | 151117b xxu||||| |||| 00| 0 eng d | ||
| 040 | _cRUA | ||
| 082 | _aFOR PIC 2003 B143 Or.1 | ||
| 100 |
_93771 _aPICH, BORIN. |
||
| 245 | _astudy of shifting cultivation at sandan district in kompong thom prvince (ការសិក្សាអំបីកសិកម្មពនេចរ នោស្រុកសណ្តាន់ខេត្តកំពង់ធំ) | ||
| 260 |
_aPhnom Penh _bRUA _c2003 |
||
| 300 |
_aviii, 45p. _bill. _c29cm. |
||
| 942 |
_2ddc _cFOR |
||
| 999 |
_c3507 _d3507 |
||